Initiation Théologique : théologie morale /
Obra en cuatro tomos. Contenido de este volumen: La beatitud; Los actos humanos; Las pasiones; Los hábitos y las virtudes; El pecado; Las leyes; La gracia; La fe; La esperanza; La caridad; La prudencia; La justicia; La religión; Las virtudes sociales; La fuerza; La templanza; Los carismas; Las vidas...
محفوظ في:
| مؤلفون آخرون: | , |
|---|---|
| التنسيق: | كتاب |
| اللغة: | الفرنسية |
| الطبعة: | 2a edición |
| الموضوعات: | |
| الوسوم: |
لا توجد وسوم, كن أول من يضع وسما على هذه التسجيلة!
|
MARC
| LEADER | 00000nam^a2200000^a^4500 | ||
|---|---|---|---|
| 001 | 000171057 | ||
| 005 | 20250521000000.0 | ||
| 009 | 20260310101331.345 | ||
| 037 | |a Acervo ITESO - Biblioteca | ||
| 041 | |a FRA | ||
| 082 | |a 230. |b INI V. 3 | ||
| 240 | 1 | 1 | |a [Initiation Théologique] |
| 245 | 1 | 0 | |a Initiation Théologique : |b théologie morale / |c Introd. de J. Tonneau ; pref. de M.D. Chenu. |
| 250 | |a 2a edición | ||
| 264 | |a París, Francia : |b Editions du Cerf, |c 1955 | ||
| 300 | |a 1278 p. | ||
| 336 | |a texto |b txt |2 rdacontenido | ||
| 337 | |a sin mediación |b n |2 rdamedio | ||
| 338 | |a volumen |b nc |2 rdasoporte | ||
| 520 | |a Obra en cuatro tomos. Contenido de este volumen: La beatitud; Los actos humanos; Las pasiones; Los hábitos y las virtudes; El pecado; Las leyes; La gracia; La fe; La esperanza; La caridad; La prudencia; La justicia; La religión; Las virtudes sociales; La fuerza; La templanza; Los carismas; Las vidas; Los oficios y los estados; Anexo: reflexiones y perspectivas. | ||
| 649 | |a XX | ||
| 650 | |a Virtudes | ||
| 650 | |a Pasión | ||
| 650 | |a Fe | ||
| 650 | |a Pecado | ||
| 650 | |a Gracia (Teología) | ||
| 650 | |a Teología Doctrinal | ||
| 650 | |a Teología | ||
| 650 | |a Catolicismo | ||
| 650 | |a Cristianismo | ||
| 650 | |a Religión | ||
| 700 | |a Tonneau, J |e (introducción) | ||
| 700 | |a Chenu, Marie-Dominique |e (prefacio) | ||
| 910 | |a Fondo Armando Suárez Gómez | ||
| 920 | |a Impresos - Libros | ||
| 930 | |a Fondos Especiales | ||
| 905 | |a 111 | ||
| 901 | |a 0700006765 |b IT2 |c ESP |u 20250521 | ||
| 902 | |a https://opac.biblio.iteso.mx/vufind/Record/000171057 | ||